000
00318nam a2200109Ia 4500
008
171204s9999 xx 000 0 und d
245
_a
Mastering Responsive Web Design With Html5 And Css3:
245
_c
Ricardo Zea
260
_c
2015
650
_x
Web Design
856
_u
http://down.ebook777.com/017/9781783550234.pdf
999
_c
345991
_d
345991